Conocimiento y protección de la biodiversidad del valle de Putaendo

Kaydedildi:
Detaylı Bibliyografya
Yazar: Parra Leiva, Bernardo (autor)
Materyal Türü: Kitap
Dil:İspanyolca
Baskı/Yayın Bilgisi: San Felipe Centro de Artes y Oficios Almendral 2003
Konular:
Etiketler: Etiketle
Etiket eklenmemiş, İlk siz ekleyin!

MARC

LEADER 00000nam a2200000 a 4500
001 UCL4533
003 CL-VaPUC
008 040116e20030000CL |||||||||||||||||spa|d
082 0 4 |a 333.72  |b PAR  |2 21 
100 |a Parra Leiva, Bernardo  |e autor  |9 535303 
245 1 0 |a Conocimiento y protección de la biodiversidad del valle de Putaendo 
300 |a 147 p 
942 |c BK 
945 |d 20040116 00:00:00  |a cmena 
260 |a San Felipe  |b Centro de Artes y Oficios Almendral  |c 2003 
650 0 |a Biodiversidad   |9 385995 
650 0 |a Protección del medio ambiente  |9 257626 
650 0 |a Recursos naturales  |9 255232 
583 |a last modification  |c 20040116 00:00:00  |k Rodrigo Vera 
999 |c 307355  |d 307353 
952 |0 0  |1 0  |4 0  |6 333_720000000000000_PAR_2003  |7 0  |8 A  |9 373259  |a BIBCUR  |b BIBCUR  |d 2019-11-21  |i 3978753  |o 333.72 PAR 2003  |p 3978753  |r 2025-04-22  |w 2019-11-21  |y BK  |k BCB